| 000 | 00416nam a2200133Ia 4500 | ||
|---|---|---|---|
| 008 | 210430s9999 xx 000 0 und d | ||
| 020 | _a978-0-521-84910-4 | ||
| 082 | _a660.2842 L4335A | ||
| 100 |
_aL.Gary Leal _954361 |
||
| 245 |
_aAdvanced Transport Phenomena Fluid Mechanics and Convective Transport Processes / _cL.Gary Leal |
||
| 260 |
_aUSA _bCambridge University _c2007 |
||
| 300 | _a911 p | ||
| 942 |
_cBK _2ddc |
||
| 999 |
_c564925 _d564925 |
||